000 00573nam a22002057a 4500
005 20231012123739.0
008 231012b ||||| |||| 00| 0 eng d
020 _a9789393805973
040 _aIN-DiNC
_cIN-DiNC
041 _deng
082 _a305
_bBHU
100 _aBhuyan, Dilip Kumar
_eauthor
245 _aSocial stratification/
_cby Dilip Kumar Bhuyan and Moushumi Bordoloi
250 _a1st ed.
260 _aDibrugarh:
_bBanalata,
_c2023.
300 _a213p.
650 _aCaste, race and ethnicity
700 _aBordoloi, Moushumi
_eauthor
942 _2ddc
_cBK
999 _c11703
_d11703